Cuirassés de la France - Statistiques

Statistiques générales
  • Ce quiz a été pris 47 fois
  • Le résultat moyen est 16 sur 46
Statistiques - réponses
Réponse % Correct
Richelieu
95%
Bretagne
74%
Strasbourg
74%
Jean Bart
69%
Jean Bart(puis Océan)
69%
Dunkerque
67%
Paris
62%
Alsace
59%
Normandie
54%
Provence
54%
République
54%
Béarn
49%
Lorraine
49%
Lyon
49%
Clémenceau
46%
Courbet
41%
France
41%
Gascogne
36%
Gascogne
36%
Liberté
36%
Voltaire
33%
Flandre
31%
Danton
28%
Diderot
23%
Suffren
23%
Charlemagne
21%
Charles Martel
21%
Iéna
21%
Languedoc
21%
Bouvet
18%
Démocratie
18%
Gaulois
18%
Patrie
18%
Condorcet
15%
Jauréguiberry
15%
Lille
15%
Saint-Louis
15%
Tourville
15%
Justice
13%
Mirabeau
13%
Brennus
10%
Duquesne
10%
Masséna
8%
Vergniaud
8%
Vérité
8%
Carnot
5%
Aucun quiz correspondant
Distribution des résultats
% des personnes avec chaque résultat
Percentile par nombre de réponses
Votre historique - résultats
Vous n’avez pas pris ce quiz